000
00305nam a2200121Ia 4500
008
210430s9999 xx 000 0 und d
082
_a
532W571 F
100
_a
Frank M White
_9
10449
245
_a
Fluid Mechanics
_c
Frank M White
260
_a
India
_b
Graw-Hill
_c
2008
300
_a
794p
942
_c
BK
_2
ddc
999
_c
563954
_d
563954